Biblioteca

A time to heal : (Registro nro. 68856)

Detalles MARC
000 -LÍDER
Campo fijo de descripción fija 01200nab a2200205 i 4500
001 - NÚMERO DE CONTROL
Campo de control 768714001
003 - IDENTIFICADOR DEL NÚMERO DE CONTROL
Campo de control CO-MdFUSB
005 - FECHA Y HORA DE LA ULTIMA TRANSACCIÓN
control field 20240531062755.0
008 - ELEMENTOS DE LONGITUD FIJA -- INFORMACIÓN GENERAL
Campo fijo de descripción fija -- Información general 230506t1999 -us||||| |||| 00| 0 eng d
040 ## - FUENTE DE CATALOGACIÓN
Idioma de catalogación eng
Agencia Catalogadora CO-MdFUSB
Agencia que realiza la transcripción CO-MdFUSB
Agencia que realiza la modificación CO-MdFUSB
041 ## - CÓDIGO DE IDIOMA
Código de idioma para texto/pista de sonido o título separado eng
100 ## - ASIENTO PRINCIPAL--NOMBRE PERSONAL
Nombre personal Galli, Mark
Término relacionador autor
245 ## - TÍTULO
Título A time to heal :
Subtitulo how a "clergy care" facility helps the wounded regain strength
Mención de responsabilidad / Mark Galli
300 ## - DESCRIPCIÓN FÍSICA
Extensión Volumen 20, número 3 (summer 1999), páginas 57 - 81
Dimensiones ; 27 cm
520 ## - NOTA DE RESUMEN, ETC.
Nota de sumario, etc. Este articulo cuenta la historia de una pareja pastoral (Peter y Bárbara) que ha sido afectada emocional y psicológicamente debido a la carga y ciertas situaciones que ocurrieron en su iglesia local. Es por esto que deciden salir de su iglesia de forma forzosa, dándose la oportunidad de recurrir a un tiempo de sanación en una institución profesional por dos semanas. Este articulo enseña la importancia de sanar y dedicar tiempo a la salud mental en el pastorado.
546 ## - NOTA DE IDIOMA
Nota de idioma Texto en inglés
650 #7 - ASIENTO SECUNDARIO DE MATERIA - TERMINO TEMÁTICO
Término temático o nombre geográfico como elemento de entrada Cristianismo
9 (RLIN) 22
773 0# - ASIENTO DE ITEM FUENTE
Biblionumber 68780
Itemnumber 81951
Otro identificador del ítem R2464
Título Leadership :
Número de control del registro (CO-MdFUSB)768714001
Parte(s) relacionada(s) / Volumen., número. (mes año), páginas Volumen 20, número 3 (summer 1999), páginas 57 - 82
Enumeración y primera página páginas 57
942 ## - TIPO DE MATERIAL (KOHA)
Tipo de Item KOHA Artículos de Revista

No hay ítems disponibles.

Biblioteca FUSBC | Teléfono: (57+4) 349 88 10 Ext. 141| WhatsApp (+57) 3005338115 
E-mail: biblioteca@unisbc.edu.co | Calle 76 87-14 Robledo Palenque, Medellín, Colombia

Con tecnología Koha